أزمة الفكر السياسي الاسلامي في العصر الحديث : (Record no. 6233)
[ view plain ]
| 000 -الفاتح | |
|---|---|
| حقل البيانات ثابتة الطول | 01032nac a22001931u 4500 |
| 008 - عناصر البيانات ثابتة الطول - معلومات عامة | |
| حقل البيانات ثابتة الطول | 100725s ua|||||r|||| 001 0 ara d |
| 082 ## - رقم تصنيف ديوى العشرى | |
| رقم التصنيف | 214.32 |
| رقم المادة | م ت و |
| رقم الطبعة | 22 |
| 100 ## - المدخل الرئيسى - إسم شخصى | |
| الإسم الشخصى | متولي ، عبد الحميد |
| 9 (RLIN) | 16689 |
| 245 ## - بيان العنوان | |
| العنوان | أزمة الفكر السياسي الاسلامي في العصر الحديث : |
| بقية العنوان | مظاهرها - أسبابها - علاجها/ |
| بيان المسئوليه,etc | تأليف عبد الحميد متولي ؛ تقديم عبد الحليم محمود |
| 260 ## - PUBLICATION, DISTRIBUTION, ETC. (IMPRINT) | |
| مكان الناشر او الموزع | القاهرة: |
| اسم الناشر او الموزع | المكتب المصري الحديث ، 1970 |
| تاريخ النشر أو التوزيع | c1970. |
| 300 ## - الوصف المادى | |
| التعداد | 390 ص ؛ |
| أبعاد الوعاء | 24 سم |
| 511 ## - | |
| -- | Catalogued by: Sara |
| 541 ## - تبصرة المصدر المباشر للتزويد | |
| مصدر التزويد | ألف باء ؛ |
| طريقة التزويد | شراء ؛ |
| 650 ## - المدخل الاضافى بالموضوع-مصطلح موضوعى | |
| مصطلح موضوعي أو اسم جغرافي كعنصر مدخل | الإسلام والسياسة |
| 9 (RLIN) | 13370 |
| 650 ## - المدخل الاضافى بالموضوع-مصطلح موضوعى | |
| مصطلح موضوعي أو اسم جغرافي كعنصر مدخل | السياسة |
| 9 (RLIN) | 16238 |
| 700 ## - المدخل الاضافى - اسم شخصى | |
| الإسم الشخصى | محمود، عبد الحليم |
| 9 (RLIN) | 14336 |
| الدور | تقديم |
| 942 ## - عناصر المدخل الإضافي( كوها) | |
| Koha [default] item type | Book - Borrowing |
| سابقة رقم الطلب | 214.32 م ت و |
| مصدر التصنيف او مخطط الترفيف | Dewey Decimal Classification |
| حالة التراجع | حالة الفقد | مصدر التصنيف او خطة الترفيف | حالة تلف | ليس للاعارة | مجموعات كوها | المكان الدائم | المكان الحالي | موقع الترفيف | تاريخ الاكتساب | Source of acquisition | رقم الاستدعاء | الباركود | Date last seen | نوع الوعاء |
|---|---|---|---|---|---|---|---|---|---|---|---|---|---|---|
| Dewey Decimal Classification | Alef-Baa | Central Library | Central Library | Lower Floor | 25/07/2010 | 214.32 م ت و | 000007803 | 15/07/2025 | Book - Borrowing |